000 00647nam a2200205 4500
999 _c5532
_d5532
003 OSt
005 20191030104228.0
008 170213b xxu||||| |||| 00| 0 eng d
020 _a9780443074578
040 _c040a
082 _aWY 195
_bN937n 2007
100 _aAlexander, Margaret F.; Fawcett, Josephine N.; Runciman, Phyllis J.
_913017
245 _aNursing Practice Hospital and Home:
_bthe adult
250 _a3rd.ed
260 _aEdinburgh;
_bChurchill Livingstone,
_c2007
300 _axvii,1265p;
_bcol. ill :
_c28 cm.
504 _aIncludes bibliographical references and index
650 _aNursing practice
_9705
942 _2z
_cO_SHELF